Economic data analysis : (Record no. 17474)
[ view plain ]
| 000 -LEADER | |
|---|---|
| fixed length control field | 00709nam a22002297a 4500 |
| 005 - DATE AND TIME OF LATEST TRANSACTION | |
| control field | 20141216105315.0 |
| 008 - FIXED-LENGTH DATA ELEMENTS--GENERAL INFORMATION | |
| fixed length control field | 130516s2013 ua ad frb 000 0 eng d |
| 020 ## - INTERNATIONAL STANDARD BOOK NUMBER | |
| International Standard Book Number | 9789776066021 |
| 040 ## - CATALOGING SOURCE | |
| Original cataloging agency | EG-ScBUE |
| 082 00 - DEWEY DECIMAL CLASSIFICATION NUMBER | |
| Edition number | 22 |
| Classification number | 339.46 |
| Item number | ELS |
| 100 1# - MAIN ENTRY--PERSONAL NAME | |
| Personal name | Elshamy, Hany Mostafa |
| 9 (RLIN) | 33219 |
| 245 ## - TITLE STATEMENT | |
| Title | Economic data analysis : |
| Remainder of title | an empirical approach / |
| Statement of responsibility, etc | Hany Mostafa Elshamy. |
| 250 ## - EDITION STATEMENT | |
| Edition statement | 1st ed. |
| 260 ## - PUBLICATION, DISTRIBUTION, ETC. (IMPRINT) | |
| Place of publication, distribution, etc | [Cairo] : |
| Name of publisher, distributor, etc | Baccah, |
| Date of publication, distribution, etc | 2013. |
| 300 ## - PHYSICAL DESCRIPTION | |
| Extent | 147 p. : |
| Other physical details | charts, tables ; |
| Dimensions | 24 cm. |
| 504 ## - BIBLIOGRAPHY, ETC. NOTE | |
| Bibliography, etc | Bibliography : p. 147. |
| 650 #0 - SUBJECT ADDED ENTRY--TOPICAL TERM | |
| Topical term or geographic name as entry element | Development economics |
| 9 (RLIN) | 4896 |
| 650 #0 - SUBJECT ADDED ENTRY--TOPICAL TERM | |
| Topical term or geographic name as entry element | Economic development |
| 653 ## - INDEX TERM--UNCONTROLLED | |
| Resource For college | BAEPS, Economics |
| Arrived date list | May2013 |
| -- | December2014 |
| 655 ## - INDEX TERM--GENRE/FORM | |
| Form subdivision | |
| -- | 34232 |
| 942 ## - ADDED ENTRY ELEMENTS (KOHA) | |
| Source of classification or shelving scheme | Dewey Decimal Classification |
| Item type | Book - Borrowing |
| Call number prefix | 339.46 |
| Withdrawn status | Item status | Source of classification or shelving scheme | Damaged status | Not for loan | Vendor | Home library | Current library | Shelving location | Date acquired | Source of acquisition | Total Checkouts | Total Renewals | Full call number | Barcode | Date last seen | Date last borrowed | Koha item type | Cost, normal purchase price | Cost, replacement price |
|---|---|---|---|---|---|---|---|---|---|---|---|---|---|---|---|---|---|---|---|
| Dewey Decimal Classification | Baccah | Central Library | Central Library | First floor | 16/05/2013 | 4 | 55 | 339.46 ELS | 000028745 | 15/07/2025 | 03/10/2015 | Book - Borrowing | |||||||
| Dewey Decimal Classification | Baccah | Central Library | Central Library | First floor | 26/05/2013 | 4 | 2 | 339.46 ELS | 000028751 | 15/07/2025 | 05/11/2016 | Book - Borrowing | |||||||
| Dewey Decimal Classification | Baccah | Central Library | Central Library | First floor | 16/12/2014 | 1 | 6 | 339.46 ELS | 000037181 | 15/07/2025 | 01/11/2015 | Book - Borrowing | 260.00 | 325.00 | |||||
| Dewey Decimal Classification | Baccah | Central Library | Central Library | First floor | 16/12/2014 | 1 | 2 | 339.46 ELS | 000037182 | 15/07/2025 | 26/10/2016 | Book - Borrowing | 260.00 | 325.00 | |||||
| Lost and Paid For | Dewey Decimal Classification | Baccah | Central Library | Central Library | First floor | 16/12/2014 | 3 | 91 | 339.46 ELS | 000037183 | 26/10/2016 | 26/10/2016 | Book - Borrowing | 260.00 | 325.00 | ||||
| Dewey Decimal Classification | Baccah | Central Library | Central Library | First floor | 16/12/2014 | 3 | 2 | 339.46 ELS | 000037184 | 15/07/2025 | 06/02/2017 | Book - Borrowing | 260.00 | 325.00 | |||||
| Dewey Decimal Classification | Baccah | Central Library | Central Library | First floor | 16/12/2014 | 2 | 339.46 ELS | 000037185 | 15/07/2025 | 21/03/2021 | Book - Borrowing | 260.00 | 325.00 | ||||||
| Dewey Decimal Classification | Baccah | Central Library | Central Library | First floor | 16/12/2014 | 2 | 10 | 339.46 ELS | 000037186 | 15/07/2025 | 01/11/2015 | Book - Borrowing | 260.00 | 325.00 | |||||
| Dewey Decimal Classification | Baccah | Central Library | Central Library | First floor | 16/12/2014 | 3 | 7 | 339.46 ELS | 000037187 | 15/07/2025 | 21/03/2021 | Book - Borrowing | 260.00 | 325.00 | |||||
| Dewey Decimal Classification | Baccah | Central Library | Central Library | First floor | 16/12/2014 | 2 | 2 | 339.46 ELS | 000037188 | 15/07/2025 | 11/10/2016 | Book - Borrowing | 260.00 | 325.00 |